[Event "Singapore Masters 3rd"]
[Site "Singapore"]
[Date "2006.12.30"]
[Round "9"]
[White "Chua, Xing Jian Graham"]
[Black "Islam, Ruhul"]
[Result "0-1"]
[WhiteElo "1966"]
[BlackElo "2084"]
[PlyCount "66"]
[EventDate "2006.12.26"]
[EventType "swiss"]
[EventRounds "9"]
[EventCountry "SIN"]
[SourceTitle "CBM 116 Extra"]
[Source "ChessBase"]
[SourceDate "2007.03.07"]
[SourceVersion "1"]
[SourceVersionDate "2007.03.07"]
[SourceQuality "1"]

1. e4 Nc6 2. Nf3 d6 3. Nc3 Bg4 4. Bc4 e6 5. h3 Bh5 6. 0-0 Nf6 7. Re1 Be7 8. Bf1 0-0 9. d3 Nd7 10. Be3 f5 11. exf5 Bxf3 12. Qxf3 Rxf5 13. Qe4 Re5 14. Qa4 a6 15. Qc4 d5 16. Qf4 Rf5 17. Qg4 Nde5 18. Qe2 d4 19. Bd2 dxc3 20. bxc3 Bg5 21. d4 Bxd2 22. Qxd2 Rf6 23. Qe3 Ng6 24. Bc4 Nf4 25. Rad1 Nd5 26. Qd2 Qd6 27. Re4 b5 28. Bb3 Na5 29. Rde1 Nxb3 30. cxb3 Raf8 31. f3 Rg6 32. c4 Nf4 33. c5 Nxh3+ 0-1

[Event "Singapore Masters 3rd"]
[Site "Singapore"]
[Date "2006.12.29"]
[Round "7"]
[White "Ariskin, Alexey"]
[Black "Islam, Ruhul"]
[Result "1-0"]
[WhiteElo "2300"]
[BlackElo "2084"]
[PlyCount "77"]
[EventDate "2006.12.26"]
[EventType "swiss"]
[EventRounds "9"]
[EventCountry "SIN"]
[SourceTitle "CBM 116 Extra"]
[Source "ChessBase"]
[SourceDate "2007.03.07"]
[SourceVersion "1"]
[SourceVersionDate "2007.03.07"]
[SourceQuality "1"]

1. d4 d5 2. c4 e6 3. Nc3 c5 4. cxd5 exd5 5. Nf3 Nc6 6. g3 Nf6 7. Bg2 Be7 8. 0-0 0-0 9. Bg5 cxd4 10. Nxd4 Re8 11. Rc1 Be6 12. Qa4 Qb6 13. Rfd1 Rad8 14. h3 Ne4 15. Bxe7 Rxe7 16. Nxe4 dxe4 17. Nxc6 Rxd1+ 18. Rxd1 bxc6 19. Qxe4 g6 20. b3 Bxb3 21. Qxe7 Bxd1 22. Bxc6 Bxe2 23. Qe8+ Kg7 24. Qe5+ Kg8 25. Bd5 Qb1+ 26. Kh2 Bb5 27. Qb8+ Kg7 28. Qxa7 Qf5 29. Qd4+ Kg8 30. Be4 Qh5 31. a4 Bf1 32. h4 Qg4 33. a5 h5 34. Qe5 Qh3+ 35. Kg1 Ba6 36. Bg2 Qc8 37. Bd5 Qc1+ 38. Kh2 Qh6 39. Qf6 1-0

[Event "Singapore Masters 3rd"]
[Site "Singapore"]
[Date "2006.12.28"]
[Round "6"]
[White "Islam, Ruhul"]
[Black "Fernandez, Daniel Howard"]
[Result "1-0"]
[WhiteElo "2084"]
[BlackElo "1954"]
[PlyCount "59"]
[EventDate "2006.12.26"]
[EventType "swiss"]
[EventRounds "9"]
[EventCountry "SIN"]
[SourceTitle "CBM 116 Extra"]
[Source "ChessBase"]
[SourceDate "2007.03.07"]
[SourceVersion "1"]
[SourceVersionDate "2007.03.07"]
[SourceQuality "1"]

1. d4 Nf6 2. Nc3 e6 3. e4 Bb4 4. Bd3 d6 5. a3 Bxc3+ 6. bxc3 Nbd7 7. Bg5 e5 8. Nf3 c6 9. 0-0 Qc7 10. Nh4 h6 11. Bd2 0-0 12. Nf5 Re8 13. Qf3 Kh7 14. Bxh6 g6 15. Bg5 Nh5 16. Ng3 Ng7 17. Qxf7 Rf8 18. Qb3 Nb6 19. Be3 Be6 20. Qb1 Nc4 21. Qc1 b5 22. Bh6 Rf7 23. Bxg7 Kxg7 24. d5 cxd5 25. exd5 Bxd5 26. Qg5 Kf8 27. Bxg6 Rd7 28. Qf6+ Bf7 29. Nf5 Rad8 30. Qh8+ 1-0